Bugs! Bugs! Bugs! / (Record no. 3475)

MARC details
000 -LEADER
fixed length control field 00821cam a22002654a 4500
005 - DATE AND TIME OF LATEST TRANSACTION
control field 20240311110037.0
020 ## - INTERNATIONAL STANDARD BOOK NUMBER
International Standard Book Number 043917208X
040 ## - CATALOGING SOURCE
Original cataloging agency DLC
Transcribing agency DLC
Modifying agency DLC
Language of cataloging eng
050 00 - LIBRARY OF CONGRESS CALL NUMBER
Classification number QL467.B365
082 00 - DEWEY DECIMAL CLASSIFICATION NUMBER
Classification number 595.7
100 1# - MAIN ENTRY--PERSONAL NAME
Personal name Barner, Bob
245 10 - TITLE STATEMENT
Title Bugs! Bugs! Bugs! /
Statement of responsibility, etc. by Bob Barner
250 ## - EDITION STATEMENT
Edition statement First Scholastic printing , February 2000
260 ## - PUBLICATION, DISTRIBUTION, ETC.
Place of publication, distribution, etc. New York :
Name of publisher, distributor, etc. Scholastic ,
Date of publication, distribution, etc. 1999
300 ## - PHYSICAL DESCRIPTION
Extent 31 unnumbered pages :
Other physical details color illustrations ;
Dimensions 21 cm.
505 ## - FORMATTED CONTENTS NOTE
Formatted contents note D <br/>
520 ## - SUMMARY, ETC.
Summary, etc. A nonsense rhyme introduces children to familiar bugs. Includes a fun facts sections.
521 ## - TARGET AUDIENCE NOTE
Target audience note 160 <br/>
Source Lexile estimate <br/>
521 ## - TARGET AUDIENCE NOTE
Target audience note D <br/>
Source Raz-Plus <br/>
650 #0 - SUBJECT ADDED ENTRY--TOPICAL TERM
Topical term or geographic name entry element Insects
General subdivision Juvenile literature
650 #1 - SUBJECT ADDED ENTRY--TOPICAL TERM
Topical term or geographic name entry element Insects
906 ## - LOCAL DATA ELEMENT F, LDF (RLIN)
a 7
b cbc
c orignew
d 1
e ocip
f 19
g y-gencatlg
942 ## - ADDED ENTRY ELEMENTS (KOHA)
Source of classification or shelving scheme Dewey Decimal Classification
Koha item type Books
Suppress in OPAC No
999 ## -
-- 3475
-- 3475
Holdings
Withdrawn status Lost status Source of classification or shelving scheme Damaged status Not for loan Collection Home library Current library Shelving location Date acquired Total Checkouts Full call number Barcode Date last seen Price effective from Koha item type
    Dewey Decimal Classification     Juvenile Fiction Footprints International School Library Network Toul Kork Campus Footprints International School Library Network Toul Kork Campus   03/11/2024   BAR 595.7 QL467.B365 FISTK02407 03/11/2024 03/11/2024 Books